Phrases cultes dessins animés. - Statistiques

Statistiques générales
  • Ce quiz a été pris 3 280 fois
  • Le résultat moyen est 9 sur 15
Statistiques - réponses
Phrase Dessin animé % Correct
Miroir, mon beau miroir, qui est la plus belle du royaume ? Blanche-Neige
94%
Je vais devenir le plus grand dresseur de tous les temps ! Pokémon
92%
Ou des Donuts !!! Les Simpson
88%
C'est Pô juste ! Titeuf
87%
Go go gadgets au bras. Inspecteur Gadget
86%
Je vais enfin découvrir la recette secrète du paté de crabe ! Bob l'éponge
82%
Tous à la Mystery machine ! Scooby-Doo
62%
... savait compter deux par deux et lacer ses chaussures. Franklin
57%
C'est vraiment trop injuste... Caliméro
51%
Mais au fait, il est ou Perry ? Phinéas et Ferb
49%
Nage droit devant toi, nage droit devant toi... Le monde de Némo
45%
Incroyable ! Nouveau tir "de la feuille morte" du capitaine de la NewTeam. Olive et Tom
31%
Comme ils sont délicieux quand ils ferment les yeux... Tomtom et Nana
19%
Retour vers le passé... Code Lyoko
18%
Viendez ma bande ! Les Razmoket
5%
Aucun quiz correspondant
Distribution des résultats
% des personnes avec chaque résultat
Percentile par nombre de réponses
Votre historique - résultats
Vous n’avez pas pris ce quiz